French brands - sudden death - Statistics

General Stats
  • This quiz has been taken 95 times
  • The average score is 7 of 17
Answers on the Grid
Answers color-coded by a green-red scale on the quiz's grid according to % correct below.
Louis Vuitton
Orange
Ikea
Shell
FedEx
Carrefour
Michelin
Leci's
Total
Free
Eni
Dior
Ferrero
Decathlon
Sephora
Amazon
Leroy Merlin
Volvic
Morgan
Citroën
Visa
CIC
MasterCard
Lancia
Seat
SFR
Panzani
Brets
Lego
Orpi
H&M
Haribo
 
Answer Stats
Answer % Correct
Louis Vuitton
93%
Citroën
71%
Dior
71%
Carrefour
69%
Michelin
64%
Orange
51%
Leroy Merlin
49%
Decathlon
41%
Sephora
34%
SFR
33%
Volvic
33%
Free
31%
CIC
27%
Total
27%
Brets
24%
Orpi
16%
Panzani
7%
No matching quizzes found
Score Distribution
Percent of People with Each Score
Percentile by Number Answered
Your Score History
You have not taken this quiz